Rappeurs francophones par leur vrai nom #2 - Statistiques

Statistiques générales
  • Ce quiz a été pris 157 fois
  • Le résultat moyen est 4 sur 9
Statistiques - réponses
Hint Réponse % Correct
Nabil et Tarik PNL
93%
Aya Coco Danioko Aya Nakamura
86%
Mathieu Pruski PLK
64%
Marcel Junior Loutarila Koba LaD
53%
Aurélien N'Zuzi Zola
33%
Ibrahima Diakité Gazo
21%
Jérémy Larroux Laylow
9%
Melvin Félix Aka Jok'air
6%
Mihaja Ramiarinarivo Oboy
4%
Aucun quiz correspondant
Distribution des résultats
% des personnes avec chaque résultat
Percentile par nombre de réponses
Votre historique - résultats
Vous n’avez pas pris ce quiz